<?xml version="1.0" encoding="UTF-8"?>
<record
    xmlns:xsi="http://www.w3.org/2001/XMLSchema-instance"
    xsi:schemaLocation="http://www.loc.gov/MARC21/slim http://www.loc.gov/standards/marcxml/schema/MARC21slim.xsd"
    xmlns="http://www.loc.gov/MARC21/slim">

  <leader>02499nkc a2200361za 4500</leader>
  <controlfield tag="001">84637</controlfield>
  <controlfield tag="003">OSt</controlfield>
  <controlfield tag="005">20260323133925.0</controlfield>
  <controlfield tag="007">kh boc</controlfield>
  <controlfield tag="008">250410s19101911sp ||||| ||||||0| i|spa d</controlfield>
  <datafield tag="040" ind1=" " ind2=" ">
    <subfield code="a">M-RABA</subfield>
    <subfield code="b">spa</subfield>
    <subfield code="c">M-RABA</subfield>
  </datafield>
  <datafield tag="100" ind1="1" ind2=" ">
    <subfield code="a">Elorza, Lorenzo</subfield>
    <subfield code="d">(1861-1931)</subfield>
    <subfield code="9">111068</subfield>
  </datafield>
  <datafield tag="245" ind1="1" ind2="0">
    <subfield code="a">Marqu&#xED;nez</subfield>
    <subfield code="b">: Ermita de San Juan</subfield>
    <subfield code="c">/ L. E.</subfield>
  </datafield>
  <datafield tag="260" ind1=" " ind2=" ">
    <subfield code="c">[ca. 1910 &#x2013; 1911]</subfield>
  </datafield>
  <datafield tag="300" ind1=" " ind2=" ">
    <subfield code="a">1 fotograf&#xED;a</subfield>
    <subfield code="b">: gelatina de plata </subfield>
    <subfield code="c">; imagen 12 x 17 cm </subfield>
    <subfield code="c">; soporte secundario 21,5 x 26,5 cm</subfield>
  </datafield>
  <datafield tag="500" ind1=" " ind2=" ">
    <subfield code="a">Vista frontal de la fachada sur de la ermita de San Juan en Marqu&#xED;nez. La portada presenta un arco ligeramente apuntado sobre tres pares de columnas, con dos ventanas que se abren en la fachada, una de ellas en el tramo correspondiente al presbiterio, ambas con arcos de medio punto sustentados en tres pares de columnas exentas.
</subfield>
  </datafield>
  <datafield tag="500" ind1=" " ind2=" ">
    <subfield code="a">Fotograf&#xED;a montada sobre soporte secundario de cartulina azul enmarcada con orla en relieve. T&#xED;tulo y numeraci&#xF3;n manuscrita que hace referencia a la posici&#xF3;n en la serie &#x201C;121&#x201D;.</subfield>
  </datafield>
  <datafield tag="500" ind1=" " ind2=" ">
    <subfield code="a">Sello con monograma del fot&#xF3;grafo en tinta roja &#x201C;L.E.&#x201D;</subfield>
  </datafield>
  <datafield tag="500" ind1=" " ind2=" ">
    <subfield code="a">Fechas tomadas de la ejecuci&#xF3;n del positivo de las fotograf&#xED;as, incluido el soporte secundario. (Soto Madrazo, Javier. 2008).</subfield>
  </datafield>
  <datafield tag="500" ind1=" " ind2=" ">
    <subfield code="a">Forma parte de un conjunto de 167 fotograf&#xED;as empleadas por Federico Bar&#xE1;ibar Zum&#xE1;rraga para la elaboraci&#xF3;n del Inventario del Rom&#xE1;nico en &#xC1;lava (1911).</subfield>
  </datafield>
  <datafield tag="504" ind1=" " ind2=" ">
    <subfield code="a">Baraibar, F.: "Rincones art&#xED;sticos", M. 1914.</subfield>
  </datafield>
  <datafield tag="505" ind1=" " ind2=" ">
    <subfield code="a">Marquinez.- Ermita de San Juan. / L. E.</subfield>
  </datafield>
  <datafield tag="510" ind1=" " ind2=" ">
    <subfield code="a">Descripci&#xF3;n tomada de: Soto Madrazo, Javier (2008). Federico Baraibar y el Inventario del Rom&#xE1;nico en &#xC1;lava: una caja con 167 fotograf&#xED;as.</subfield>
  </datafield>
  <datafield tag="510" ind1=" " ind2=" ">
    <subfield code="a">Esta colecci&#xF3;n fue utilizada posteriormente por Crist&#xF3;bal de Castro para la elaboraci&#xF3;n y publicaci&#xF3;n del "Cat&#xE1;logo Monumental de Espa&#xF1;a: provincia de &#xC1;lava", Madrid, S. de Rivadeneira, 1915.</subfield>
  </datafield>
  <datafield tag="561" ind1=" " ind2=" ">
    <subfield code="a">Donadas junto con la memoria manuscrita a la Academia por el mismo Baraibar (Sesi&#xF3;n 12 de febrero de 1912, Archivo: 4-32-1)</subfield>
  </datafield>
  <datafield tag="610" ind1="2" ind2="7">
    <subfield code="a">Ermita de San Juan (Marqu&#xED;nez)</subfield>
    <subfield code="9">111640</subfield>
  </datafield>
  <datafield tag="651" ind1=" " ind2="7">
    <subfield code="a">&#xC1;lava</subfield>
    <subfield code="2">embne</subfield>
    <subfield code="9">75661</subfield>
  </datafield>
  <datafield tag="655" ind1=" " ind2="0">
    <subfield code="a">Fotograf&#xED;as de monumentos</subfield>
    <subfield code="9">111580</subfield>
  </datafield>
  <datafield tag="700" ind1="1" ind2=" ">
    <subfield code="a">Bar&#xE1;ibar y Zum&#xE1;rraga, Federico </subfield>
    <subfield code="d">(1851-1918)</subfield>
    <subfield code="9">12926</subfield>
  </datafield>
  <datafield tag="852" ind1=" " ind2=" ">
    <subfield code="j">Fot-230</subfield>
  </datafield>
  <datafield tag="856" ind1=" " ind2=" ">
    <subfield code="3">Fot-230</subfield>
    <subfield code="u">https://archivoybiblioteca.realacademiabellasartessanfernando.com/cgi-bin/koha/opac-retrieve-file.pl?id=806ea2a0c6b539d49a07ffdc704dec55</subfield>
  </datafield>
  <datafield tag="942" ind1=" " ind2=" ">
    <subfield code="2">ddc</subfield>
    <subfield code="c">FOTOGRAF&#xCD;A</subfield>
    <subfield code="n">0</subfield>
  </datafield>
  <datafield tag="952" ind1=" " ind2=" ">
    <subfield code="0">0</subfield>
    <subfield code="1">0</subfield>
    <subfield code="2">ddc</subfield>
    <subfield code="4">0</subfield>
    <subfield code="7">0</subfield>
    <subfield code="8">FOTOGRAFIA</subfield>
    <subfield code="a">RABASF</subfield>
    <subfield code="b">RABASF</subfield>
    <subfield code="c">DP2</subfield>
    <subfield code="d">2025-04-30</subfield>
    <subfield code="l">0</subfield>
    <subfield code="o">Fot-230</subfield>
    <subfield code="p">1095523</subfield>
    <subfield code="r">2025-04-30 10:44:28</subfield>
    <subfield code="w">2025-04-30</subfield>
    <subfield code="y">FOTOGRAF&#xCD;A</subfield>
  </datafield>
  <datafield tag="999" ind1=" " ind2=" ">
    <subfield code="c">84637</subfield>
    <subfield code="d">84637</subfield>
  </datafield>
</record>
